Island tourism and sustainable development : Caribbean, Pacific, and Mediterranean experiences

Αποθηκεύτηκε σε:
Λεπτομέρειες βιβλιογραφικής εγγραφής
Άλλοι συγγραφείς: Αποστολόπουλος, Γιώργος (Επιμελητής έκδοσης), Gayle, Dennis John, 1949- (Επιμελητής έκδοσης)
Μορφή: Βιβλίο
Γλώσσα:English
Δημοσίευση: Westport, Connecticut : Praeger, c2002
Θέματα:
Ετικέτες: Προσθήκη ετικέτας
Δεν υπάρχουν, Καταχωρήστε ετικέτα πρώτοι!

MARC

LEADER 00000cam a2200000 i 4500
001 1/25267
008 020621s2002 eng d
020 |a 0-275-96203-2 
035 |l 10068034 
040 |a GR-MY-UA  |b gre  |e aacr 
041 0 |a eng 
082 0 |a 338.479109142 
245 1 0 |a Island tourism and sustainable development :  |b Caribbean, Pacific, and Mediterranean experiences /  |c edited by Yorgos Apostolopoulos and Dennis J. Gayle 
260 |a Westport, Connecticut :   |b Praeger,   |c c2002 
300 |a 304 p.;  |c 24 cm 
504 |a Includes bibliographical references and index 
650 0 0 |a Tourism. 
650 0 0 |a Islands  |x Economic conditions. 
650 0 0 |a Economic development. 
700 1 |a Αποστολόπουλος, Γιώργος.  |4 edt 
700 1 |a Gayle, Dennis John,   |d 1949-  |4 edt 
852 |a INST  |b LESVOS  |e 20020621  |h 338.479109142 ISL  |p 005100025280  |q 005100025280  |t BK  |y 0 
901 |a BIBL1-2002-2 
909 |a Λ  |b 102229 
970 |a ΤΖΑΦΕΡΗ  |b ΕΥΑΓΓΕΛΙΑ  |z 2002/06/21